|
|
|
|
| LEADER |
00000nam a2200000 a 4500 |
| 001 |
vtls001348289 |
| 003 |
SK-MaSNL |
| 005 |
20260301200800.0 |
| 008 |
240226s1998 xo r slo |
| 015 |
|
|
|a SNBH1998/04-02480
|
| 020 |
|
|
|a 802240506X
|
| 035 |
|
|
|a SNK000301568
|
| 035 |
|
|
|a urn:nbn:sk:snk-am3ihrk
|
| 035 |
|
|
|a 82036545-FCE6-469D-B659-584DCF105143
|
| 035 |
|
|
|a urn:nbn:sk:snk-am00eei5
|
| 040 |
|
|
|a SNK
|b slo
|c SNK
|e AACR2
|
| 041 |
0 |
|
|a slo
|
| 044 |
|
|
|a xo
|c SK
|
| 080 |
|
|
|a 398.8(437.6)=885=30
|2 1981
|
| 080 |
|
|
|a 784.4
|2 1981
|
| 100 |
1 |
|
|a Burlasová, Soňa,
|d 1927-2021
|4 aut
|9 5038
|
| 245 |
1 |
0 |
|a Katalóg slovenských naratívnych piesní
|h hudobnina
|b I. Nadprirodzené sily : II. Legendárne námety : III. Ľúbostné vzťahy A., B., C.
|n Zväzok 1
|c Soňa Burlasová ; preklad Ute Kurdelová ; návrh obálky Jozef Szabó
|
| 246 |
1 |
0 |
|a Typenindex slowakischer Erzähllieder
|
| 246 |
1 |
1 |
|a Typenindex slowakischer Erzähllieder
|
| 260 |
|
|
|a Bratislava
|b Veda
|c 1998
|
| 300 |
|
|
|a 225 s.
|c 21x14 cm
|
| 490 |
1 |
|
|a Etnologické štúdie
|v 2
|
| 500 |
|
|
|a Súbež. názov a text nem.
|
| 650 |
0 |
7 |
|a naratívne piesne
|2 SNKPH
|9 387121
|
| 650 |
0 |
7 |
|a štúdie etnografické
|2 SNKPH
|9 387122
|
| 700 |
1 |
|
|a Szabó, Jozef
|4 oth
|9 9221
|
| 700 |
1 |
|
|a Kurdelová, Ute
|4 trl
|9 8827
|
| 919 |
|
|
|a 80-224-0506-X
|
| 958 |
|
|
|a OND
|
| 999 |
|
|
|c 892018
|d 893948
|
| 952 |
|
|
|a SNK
|b SNK
|y PREZ
|7 0
|p 17A0168733
|o snkSC 97239/1
|i snkKSP 10613/98
|0 0
|1 0
|4 0
|d 1998-11-18
|f 1
|l 0
|r 2025-09-16 00:00:00
|w 2026-02-24
|
| 952 |
|
|
|t P60, <04>, [BOOK], {604}
|a SNK
|b SNK
|y VYP
|7 0
|p 17A0168734
|o snkSC 97239/1 D1
|i snkKSP 10614/98
|0 0
|1 0
|4 0
|d 1998-11-18
|l 0
|r 2005-01-02 00:00:00
|w 2026-02-24
|